[Event "Cto Aragón Equipos Div Honor Gr I"]
[Site "Aragon"]
[Date "2014.03.08"]
[Round "7.6"]
[White "Jimenez Fernandez, Alejandro"]
[Black "Sarto Ramos, Angel"]
[Result "1-0"]
[WhiteElo "2003"]
[BlackElo "1963"]
[PlyCount "71"]
[EventDate "2014.??.??"]
[EventCountry "ESP"]
[WhiteTeam "IberCaja"]
[BlackTeam "El Olivar B"]

1. d4 g6 2. c4 c5 3. d5 Bg7 4. Nf3 d6 5. e4 Nf6 6. Nc3 a6 7. h3 O-O 8. Bd3 b5
9. cxb5 axb5 10. Nxb5 Nxe4 11. Bxe4 Qa5+ 12. Nc3 Bxc3+ 13. bxc3 f5 14. Bc2 Ba6
15. Qd2 Nd7 16. Bd3 c4 17. Bc2 Nf6 18. O-O Nxd5 19. Qd1 Bb7 20. Rb1 Bc6 21. Nd4
Bd7 22. Ne2 Nf6 23. a3 d5 24. Qd4 Ba4 25. Bxa4 Qxa4 26. Rb4 Qe8 27. Bf4 Rxa3
28. Be5 Ra2 29. Nf4 g5 30. Ne6 Qh5 31. Nxf8 g4 32. Bxf6 Ra5 33. Bh8 Kxf8 34.
Rb8+ Kf7 35. Qg7+ Ke6 36. Re1+ 1-0

[Event "Cto Aragón Equipos Div Honor Gr I"]
[Site "Aragon"]
[Date "2014.03.08"]
[Round "7.7"]
[White "De La Riva Fernandez, Eduardo"]
[Black "Sanchez Castro, Roberto"]
[Result "1-0"]
[WhiteElo "1965"]
[BlackElo "2012"]
[PlyCount "79"]
[EventDate "2014.??.??"]
[EventCountry "ESP"]
[WhiteTeam "El Olivar B"]
[BlackTeam "IberCaja"]

1. e4 c5 2. Nf3 Nc6 3. d4 cxd4 4. Nxd4 e5 5. Nb5 a6 6. Nd6+ Bxd6 7. Qxd6 Qf6 8.
Qd3 Nge7 9. c4 Nd4 10. Nc3 Nec6 11. Nd5 Qd6 12. a3 Ne7 13. Be3 Nxd5 14. cxd5
Nb5 15. Be2 b6 16. O-O O-O 17. a4 Nc7 18. f4 f6 19. Rac1 a5 20. Qb3 Ba6 21. Bb5
Bxb5 22. axb5 Rfc8 23. fxe5 fxe5 24. Qc2 h6 25. Qf2 Rf8 26. Qe2 Rab8 27. Rxf8+
Rxf8 28. Rf1 Rb8 29. Qc4 Ne8 30. Rf3 Nf6 31. h3 Kh7 32. g4 Ng8 33. Qd3 Ne7 34.
g5 h5 35. Qe2 Kg6 36. Qf2 Rb7 37. Rf7 Rb8 38. Rxe7 Kh7 39. Qf5+ Kh8 40. Qf7 1-0

[Event "Cto Aragón Equipos Div Honor Gr I"]
[Site "Aragon"]
[Date "2014.03.08"]
[Round "7.8"]
[White "Garcia Monterde, Francisco Jos"]
[Black "Hernandez Delgado, Gabriel"]
[Result "0-1"]
[WhiteElo "1986"]
[BlackElo "1931"]
[PlyCount "110"]
[EventDate "2014.??.??"]
[EventCountry "ESP"]
[WhiteTeam "IberCaja"]
[BlackTeam "El Olivar B"]

1. c4 g6 2. Nc3 Bg7 3. g3 c5 4. Bg2 Nc6 5. Nf3 Nf6 6. O-O O-O 7. d4 cxd4 8.
Nxd4 a6 9. h3 Ne5 10. b3 d6 11. Bb2 Rb8 12. e3 Bd7 13. Qe2 Nc6 14. Rfd1 Qa5 15.
Kh2 Nxd4 16. exd4 Rfe8 17. d5 b5 18. cxb5 axb5 19. Qd2 Bf5 20. g4 Bd7 21. Ne2
Qxd2 22. Rxd2 Rec8 23. Nd4 Rc5 24. b4 Rc4 25. a3 e6 26. dxe6 fxe6 27. Bf1 Rc7
28. Rc1 Rxc1 29. Bxc1 Ne4 30. Rd1 Nxf2 31. Rd2 Ne4 32. Rd1 Be5+ 33. Kg1 Nc3 34.
Rd3 Rc8 35. Nf3 Ne2+ 36. Bxe2 Rxc1+ 37. Kf2 Bf4 38. Ne1 Bc6 39. Ng2 Be5 40. Ne1
Rc3 41. Nf3 Rxd3 42. Bxd3 Bb2 43. Ke3 e5 44. Be4 d5 45. Bc2 d4+ 46. Ke2 e4 47.
Ne5 Bd5 48. Kd1 Bxa3 49. Nd7 Kf7 50. g5 d3 51. Bb1 Bxb4 52. Nf6 Ke6 53. Ng4 Bc4
54. Ne3 Ke5 55. h4 Kd4 0-1

[Event "Cto Aragón Equipos Div Honor Gr I"]
[Site "Aragon"]
[Date "2014.03.08"]
[Round "7.9"]
[White "Dominguez Bujeda, Jesus"]
[Black "Forcen Esteban, Daniel"]
[Result "0-1"]
[WhiteElo "2171"]
[BlackElo "2501"]
[PlyCount "74"]
[EventDate "2014.??.??"]
[EventCountry "ESP"]
[WhiteTeam "Teruel"]
[BlackTeam "Jaime Casas"]

1. d4 Nf6 2. c4 b6 3. f3 Nc6 4. Nc3 e5 5. d5 Na5 6. e3 Be7 7. Bd3 c6 8. Nge2 b5
9. d6 Bxd6 10. cxb5 Be7 11. O-O d5 12. Qa4 c5 13. Rd1 O-O 14. Nxd5 Nxd5 15. Be4
Be6 16. Bxd5 Bxd5 17. Nc3 Be6 18. Rxd8 Bxd8 19. Qe4 Bc7 20. b3 Rfd8 21. Ba3 f5
22. Qc2 c4 23. b4 Nb7 24. Rd1 Rxd1+ 25. Qxd1 Rd8 26. Qc2 Rd3 27. Bc1 Bb6 28.
Na4 e4 29. Nxb6 axb6 30. Bd2 Nd6 31. a4 f4 32. Kf2 Nf5 33. Bc3 Nxe3 34. Qc1
Rxc3 35. Qa1 Rc2+ 36. Kg1 Rxg2+ 37. Kh1 Rd2 0-1

[Event "Cto Aragón Equipos Div Honor Gr I"]
[Site "Aragon"]
[Date "2014.03.08"]
[Round "7.10"]
[White "Garza Marco, Sergio"]
[Black "Martin Catalan, Juan Vicente"]
[Result "1-0"]
[WhiteElo "2447"]
[BlackElo "2102"]
[PlyCount "81"]
[EventDate "2014.??.??"]
[EventCountry "ESP"]
[WhiteTeam "Jaime Casas"]
[BlackTeam "Teruel"]

1. e4 c5 2. Nf3 Nc6 3. Bb5 g6 4. O-O Bg7 5. Re1 e5 6. b4 cxb4 7. a3 Qb6 8. Bc4
Nge7 9. axb4 O-O 10. b5 Nd4 11. Ba3 d6 12. c3 Nxf3+ 13. Qxf3 Be6 14. Qe2 Rac8
15. Bxe6 fxe6 16. Bb4 Rf7 17. Na3 d5 18. Nc2 Rcf8 19. Rf1 d4 20. c4 d3 21. Qxd3
Rd8 22. Qe2 Ra8 23. c5 Qd8 24. Qc4 Qd7 25. Ra3 Nc8 26. Rfa1 Rb8 27. Rd3 Qe8 28.
Ne1 Rd7 29. Rxd7 Qxd7 30. Nf3 h6 31. Bc3 a6 32. bxa6 bxa6 33. Nxe5 Qe8 34. Ng4
Na7 35. Bxg7 Kxg7 36. Qc3+ e5 37. f4 Nc6 38. Nxe5 Nxe5 39. fxe5 Qe6 40. Rc1 Rb3
41. Qc4 1-0

[Event "Cto Aragón Equipos Div Honor Gr I"]
[Site "Aragon"]
[Date "2014.03.08"]
[Round "7.11"]
[White "Abancens Fernandez, Bernardo"]
[Black "Antoli Royo, Joaquin Miguel"]
[Result "0-1"]
[WhiteElo "1941"]
[BlackElo "2418"]
[PlyCount "80"]
[EventDate "2014.??.??"]
[EventCountry "ESP"]
[WhiteTeam "Teruel"]
[BlackTeam "Jaime Casas"]

1. d4 g6 2. c4 c5 3. Nf3 Bg7 4. Nc3 cxd4 5. Nxd4 Nc6 6. Nc2 Nh6 7. g3 O-O 8.
Bg2 d6 9. O-O Be6 10. Nd5 Qd7 11. Rb1 Bh3 12. Bg5 Bxg2 13. Kxg2 Rfe8 14. Qd2
Ng4 15. h3 Nge5 16. b3 f5 17. Bh6 Bh8 18. Rbd1 b6 19. Be3 Qb7 20. Kg1 Nd7 21.
Nd4 Nc5 22. f3 Ne5 23. Nb5 Rac8 24. Bd4 Ne6 25. Ba1 a6 26. Nd4 Nc5 27. Nf4 Qd7
28. Qb4 Rb8 29. Nd5 e6 30. Nf4 b5 31. cxb5 axb5 32. Nc2 Qa7 33. Kh2 Qxa2 34.
Nd4 Qa6 35. Bc3 Qb7 36. Ra1 Na6 37. Qxd6 Nc7 38. Ndxe6 Nxe6 39. Nxe6 Nf7 40.
Qb4 Bxc3 0-1

[Event "Cto Aragón Equipos Div Honor Gr I"]
[Site "Aragon"]
[Date "2014.03.08"]
[Round "7.12"]
[White "Ramiro Ovejero, Juan Luis"]
[Black "Barcena Laguia, Francisco"]
[Result "1-0"]
[WhiteElo "2390"]
[BlackElo "1913"]
[PlyCount "71"]
[EventDate "2014.??.??"]
[EventCountry "ESP"]
[WhiteTeam "Jaime Casas"]
[BlackTeam "Teruel"]

1. e4 c5 2. Nf3 Nc6 3. Bb5 g6 4. Bxc6 dxc6 5. d3 Bg7 6. h3 Nf6 7. Nc3 O-O 8.
Be3 b6 9. Qd2 Re8 10. Bh6 e5 11. Bxg7 Kxg7 12. O-O Nh5 13. Ne2 Qc7 14. a3 Be6
15. b4 c4 16. d4 Rad8 17. Qc3 exd4 18. Nexd4 Kg8 19. Nxe6 Rxe6 20. e5 b5 21.
Rfe1 Nf4 22. Qe3 Nd5 23. Qh6 f6 24. exf6 Rxe1+ 25. Rxe1 Nxf6 26. Qg5 Kg7 27. h4
Rd5 28. Qe3 Rd7 29. Ng5 Qd6 30. Ne6+ Kf7 31. Ng5+ Kg7 32. g3 h5 33. Ne6+ Kf7
34. Qh6 Qxe6 35. Rxe6 Kxe6 36. Qxg6 1-0

[Event "Cto Aragón Equipos Div Honor Gr I"]
[Site "Aragon"]
[Date "2014.03.08"]
[Round "7.13"]
[White "Villuendas Valero, Adrian"]
[Black "Garcia Vicente, Nieves"]
[Result "0-1"]
[WhiteElo "2276"]
[BlackElo "2239"]
[PlyCount "62"]
[EventDate "2014.??.??"]
[EventCountry "ESP"]
[WhiteTeam "St. Casablanca B"]
[BlackTeam "Caissa-Hnos Cortes"]

1. Nf3 d5 2. c4 e6 3. g3 dxc4 4. Bg2 a6 5. O-O Nf6 6. a4 Nc6 7. Qc2 Na5 8. Na3
Qd5 9. Rd1 Bd7 10. d3 Nb3 11. Rb1 Bxa4 12. dxc4 Qe4 13. Qc3 Bxa3 14. Nd2 Qd4
15. Qc2 Nc5 16. b3 Bxc1 17. Ne4 Qe5 18. Nxc5 Qxc5 19. Bxb7 Ng4 20. e3 Bc6 21.
Bxa8 Bxa8 22. Rbxc1 O-O 23. Qe2 f5 24. Rf1 Ne5 25. f3 Rd8 26. Rcd1 Rxd1 27.
Qxd1 Qxe3+ 28. Kg2 Bxf3+ 29. Rxf3 Nxf3 30. Qxf3 Qxf3+ 31. Kxf3 e5 0-1

[Event "Cto Aragón Equipos Div Honor Gr I"]
[Site "Aragon"]
[Date "2014.03.08"]
[Round "7.14"]
[White "Gil Capape, Marco Antonio"]
[Black "Gimenez Martinez, Alberto"]
[Result "1-0"]
[WhiteElo "2061"]
[BlackElo "2180"]
[PlyCount "73"]
[EventDate "2014.??.??"]
[EventCountry "ESP"]
[WhiteTeam "Caissa-Hnos Cortes"]
[BlackTeam "St. Casablanca B"]

1. e4 c5 2. Nc3 d6 3. f4 g6 4. Nf3 Bg7 5. Bb5+ Nd7 6. O-O a6 7. Bc4 e6 8. a4
Ne7 9. Ng5 Nf6 10. d4 d5 11. dxc5 Qc7 12. Bd3 Qxc5+ 13. Kh1 O-O 14. e5 Ne8 15.
Bd2 Bd7 16. Qe1 h6 17. Nf3 Nc6 18. a5 Qe7 19. Na4 Nc7 20. Be3 Rfd8 21. Bc5 Qe8
22. Nb6 Rab8 23. Bd6 Na8 24. Bxb8 Rxb8 25. Nxd7 Qxd7 26. c3 Nc7 27. Nd4 Bf8 28.
Qg3 Bc5 29. Nb3 Bf8 30. f5 exf5 31. Bxf5 Qe7 32. e6 Nxe6 33. Rae1 g5 34. Nd4
Re8 35. Nxe6 fxe6 36. Bxe6+ Kh8 37. Bf7 1-0

[Event "Cto Aragón Equipos Div Honor Gr I"]
[Site "Aragon"]
[Date "2014.03.08"]
[Round "7.15"]
[White "Labena Bernal, Antonio"]
[Black "Galvez Perez, Jose Luis"]
[Result "1/2-1/2"]
[WhiteElo "2091"]
[BlackElo "1960"]
[PlyCount "68"]
[EventDate "2014.??.??"]
[EventCountry "ESP"]
[WhiteTeam "St. Casablanca B"]
[BlackTeam "Caissa-Hnos Cortes"]

1. e4 g6 2. d4 Bg7 3. Nc3 d6 4. Nf3 Nf6 5. Be2 O-O 6. O-O c6 7. a4 Nbd7 8. a5
Qc7 9. Bf4 e5 10. Be3 exd4 11. Nxd4 Re8 12. Bf3 Ne5 13. Be2 Bg4 14. f3 Bd7 15.
h3 d5 16. f4 Nc4 17. Bxc4 dxc4 18. Qf3 c5 19. Nde2 Bc6 20. Ng3 Nxe4 21. Ncxe4
f5 22. Qe2 Bxe4 23. Qxc4+ Qf7 24. Qxf7+ Kxf7 25. Nxe4 Rxe4 26. Bxc5 Rc4 27. Be3
Rxc2 28. Rf2 Rac8 29. a6 Rxf2 30. axb7 Rb8 31. Bxf2 Rxb7 32. Ra2 Bxb2 33. Kh2
Ke6 34. Bxa7 Kd5 {Ilegible.} 1/2-1/2

[Event "Cto Aragón Equipos Div Honor Gr I"]
[Site "Aragon"]
[Date "2014.03.08"]
[Round "7.16"]
[White "Minguez Guinda, Andres"]
[Black "Bellosta Lopez, Pablo"]
[Result "0-1"]
[WhiteElo "1911"]
[BlackElo "2071"]
[PlyCount "78"]
[EventDate "2014.??.??"]
[EventCountry "ESP"]
[WhiteTeam "Caissa-Hnos Cortes"]
[BlackTeam "St. Casablanca B"]

1. e4 c5 2. Nf3 d6 3. d4 cxd4 4. Nxd4 Nf6 5. Bd3 Nc6 6. Nxc6 bxc6 7. O-O g6 8.
Nc3 Bg7 9. Qe2 O-O 10. Rb1 Rb8 11. Bd2 Qc7 12. Kh1 e5 13. f3 {=} Be6 14. Bc4 d5
15. exd5 cxd5 16. Bb3 d4 17. Nb5 Qc5 18. Bxe6 fxe6 19. c4 Rfd8 20. Qd3 a6 21.
b4 Qc6 22. Na3 e4 23. fxe4 Qxe4 24. Qh3 Qg4 25. Rbe1 Qxh3 26. gxh3 Re8 27. b5
axb5 28. Nxb5 e5 29. a4 Nd7 30. a5 Nc5 31. Nd6 e4 32. a6 Re7 33. Rb1 Nxa6 34.
Rxb8+ Nxb8 35. Rb1 Nc6 36. Rb6 e3 37. Bc1 d3 38. Bxe3 Rxe3 39. Rb1 d2 0-1

[Event "Cto Aragón Equipos Div Honor Gr II"]
[Site "Aragon"]
[Date "2014.03.08"]
[Round "7.17"]
[White "Gavin Roche, Enrique"]
[Black "Del Rey, Diego"]
[Result "0-1"]
[WhiteElo "2243"]
[BlackElo "2373"]
[PlyCount "108"]
[EventDate "2014.??.??"]
[EventCountry "ESP"]
[WhiteTeam "ONCE CA Aragon"]
[BlackTeam "El Olivar"]

1. d4 Nf6 2. c4 g6 3. Nc3 Bg7 4. e4 d6 5. Be2 O-O 6. Nf3 e5 7. d5 a5 8. Bg5 h6
9. Bh4 Na6 10. Nd2 Qe8 11. a3 Bd7 12. O-O Nh7 13. Rb1 h5 14. f3 a4 15. Nb5 Bh6
16. Bf2 Qe7 17. b4 axb3 18. Nxb3 b6 19. a4 f5 20. Bd3 Nf6 21. Qe1 fxe4 22. Bxe4
Nxe4 23. fxe4 Rf4 24. Bg3 Rxf1+ 25. Kxf1 Rf8+ 26. Kg1 Qg5 27. Rb2 Bg4 28. h3
Bxh3 29. gxh3 h4 30. Rg2 hxg3 31. Qxg3 Qe3+ 32. Qxe3 Bxe3+ 33. Kh2 Rf3 34. Rb2
Bf4+ 35. Kg1 Rxh3 36. a5 Rh4 37. Re2 bxa5 38. Nxa5 Kg7 39. Nb7 Bg5 40. Kg2 Kh6
41. Re1 Kh5 42. Ra1 Nb4 43. Nxc7 Rg4+ 44. Kf3 Rf4+ 45. Kg2 Nc2 46. Rb1 Ne3+ 47.
Kh1 Nxc4 48. Ne6 Rxe4 49. Rb3 Be3 50. Rc3 Kg4 51. Kg2 Bf4 52. Kf2 Nb2 53. Rb3
Nd1+ 54. Kg1 Bg3 0-1

[Event "Cto Aragón Equipos Div Honor Gr II"]
[Site "Aragon"]
[Date "2014.03.08"]
[Round "7.18"]
[White "Chueca Forcen, Alberto"]
[Black "Laliena Solanes, Luis"]
[Result "1/2-1/2"]
[WhiteElo "2326"]
[BlackElo "2147"]
[PlyCount "76"]
[EventDate "2014.??.??"]
[EventCountry "ESP"]
[WhiteTeam "El Olivar"]
[BlackTeam "ONCE CA Aragon"]

1. e4 c6 2. Nc3 d5 3. Nf3 Nf6 4. e5 Ne4 5. d4 Bg4 6. h3 Bh5 7. Nxe4 dxe4 8. g4
exf3 9. gxh5 e6 10. Be3 Qb6 11. Bd3 c5 12. Qxf3 cxd4 13. Bxd4 Qxd4 14. Qxb7
Qb4+ 15. Qxb4 Bxb4+ 16. c3 Nc6 17. Bb5 Bxc3+ 18. bxc3 Rc8 19. f4 Ke7 20. O-O-O
Rc7 21. Bxc6 Rxc6 22. Rd3 Rhc8 23. Kc2 Ra6 24. Kb2 Rb6+ 25. Ka1 Rbc6 26. Rb1
R6c7 27. Rb3 f6 28. Kb2 Kf7 29. Rb4 g6 30. h6 Ke7 31. Kb3 fxe5 32. fxe5 Rf8 33.
Rdd4 Rf3 34. Rbc4 Rb7+ 35. Rb4 Rc7 36. Rbc4 Rb7+ 37. Rb4 Rc7 38. Rbc4 Rb7+
1/2-1/2

[Event "Cto Aragón Equipos Div Honor Gr II"]
[Site "Aragon"]
[Date "2014.03.08"]
[Round "7.19"]
[White "Latorre Abad, Fernando"]
[Black "Palacios Latasa, Elias"]
[Result "0-1"]
[WhiteElo "2069"]
[BlackElo "2232"]
[PlyCount "86"]
[EventDate "2014.??.??"]
[EventCountry "ESP"]
[WhiteTeam "ONCE CA Aragon"]
[BlackTeam "El Olivar"]

1. e4 Nc6 2. Nf3 Nf6 3. Nc3 d5 4. exd5 Nxd5 5. d4 Bg4 6. Be2 Nxc3 7. bxc3 e6 8.
O-O Be7 9. Rb1 Rb8 10. h3 Bh5 11. Be3 O-O 12. c4 b6 13. Qd2 Bf6 14. Rfd1 Na5
15. g4 Bg6 16. Bd3 Qe8 17. Bf4 Qc6 18. Qe2 Bxd3 19. cxd3 Rbd8 20. Qe4 Qd7 21.
Be5 Bxe5 22. dxe5 h6 23. Rbc1 c5 24. d4 cxd4 25. Rxd4 Qc6 26. Qxc6 Nxc6 27.
Rxd8 Rxd8 28. a4 Na5 29. c5 Rc8 30. c6 Rxc6 31. Rxc6 Nxc6 32. Kf1 Kf8 33. Ke2
Ke7 34. Kd3 a6 35. Kc4 f6 36. exf6+ Kxf6 37. Kc3 b5 38. axb5 axb5 39. Kb3 e5
40. Nd2 Kg5 41. Ne4+ Kh4 42. Nd6 Nd4+ 43. Kb4 Kxh3 0-1

[Event "Cto Aragón Equipos Div Honor Gr II"]
[Site "Aragon"]
[Date "2014.03.08"]
[Round "7.20"]
[White "Hernando Garcia, Antonio"]
[Black "Cobo Garrido, Diego Israel"]
[Result "1-0"]
[WhiteElo "2185"]
[BlackElo "2045"]
[PlyCount "95"]
[EventDate "2014.??.??"]
[EventCountry "ESP"]
[WhiteTeam "El Olivar"]
[BlackTeam "ONCE CA Aragon"]

1. c4 c6 2. Nc3 d5 3. cxd5 cxd5 4. d4 Nf6 5. Nf3 Nc6 6. Bf4 Bf5 7. e3 e6 8. Bb5
Nd7 9. Qa4 Qb6 10. Nh4 Be4 11. O-O-O Rc8 12. f3 Bg6 13. Nxg6 hxg6 14. Kb1 a6
15. Be2 Na5 16. Ka1 Nc4 17. Qb3 Bb4 18. Bxc4 Rxc4 19. Rc1 Qc6 20. Ne2 Be7 21.
Rxc4 dxc4 22. Qc2 b5 23. e4 Nb6 24. Be3 Bf6 25. Qd2 O-O 26. h4 a5 27. Bg5 e5
28. d5 Qd6 29. Bxf6 Qxf6 30. Qxa5 Qd6 31. Qxb5 Ra8 32. Nc3 Rc8 33. Na4 Nxa4 34.
Qxa4 Qc5 35. Qc2 Qa5 36. Qc3 Qc7 37. Rd1 Qd6 38. Rc1 Qf6 39. b3 Qxh4 40. bxc4
Qf4 41. c5 f5 42. d6 fxe4 43. fxe4 Qf7 44. Qc4 Kf8 45. Qxf7+ Kxf7 46. d7 Ra8
47. Rd1 Ke7 48. d8=Q+ 1-0

[Event "Cto Aragón Equipos Div Honor Gr II"]
[Site "Aragon"]
[Date "2014.03.08"]
[Round "7.21"]
[White "Lana Rodriguez, David"]
[Black "Fernandez Rubio, Rafael"]
[Result "0-1"]
[WhiteElo "2309"]
[BlackElo "2021"]
[PlyCount "72"]
[EventDate "2014.??.??"]
[EventCountry "ESP"]
[WhiteTeam "Helios"]
[BlackTeam "Tauste"]

1. e4 g6 2. d4 Bg7 3. Nc3 d6 4. Bg5 h6 5. Bh4 c6 6. a4 b6 7. f4 a6 8. Nf3 Bb7
9. Bd3 Qc7 10. O-O Nd7 11. e5 dxe5 12. fxe5 O-O-O 13. Qe2 Nb8 14. e6 f5 15. Bf2
Rf8 16. Nh4 Rf6 17. d5 c5 18. a5 b5 19. Bxb5 axb5 20. Nxb5 Ba6 21. Qc4 g5 22.
Bxc5 gxh4 23. Qb4 Qb7 24. Na7+ Kd8 25. Qa4 Nd7 26. Nc6+ Ke8 27. Bd4 Rg6 28.
Bxg7 Rxg7 29. Rxf5 Nc5 30. Qd4 Nxe6 31. dxe6 Rxg2+ 32. Kxg2 Qxc6+ 33. Kg1 Nf6
34. Qa4 Rg8+ 35. Kf2 Rg2+ 36. Ke3 Re2+ 0-1

[Event "Cto Aragón Equipos Div Honor Gr II"]
[Site "Aragon"]
[Date "2014.03.08"]
[Round "7.22"]
[White "Sierra Aguerri, Joaquin"]
[Black "Guzman Moneo, Alberto"]
[Result "0-1"]
[WhiteElo "2018"]
[BlackElo "2170"]
[PlyCount "66"]
[EventDate "2014.??.??"]
[EventCountry "ESP"]
[WhiteTeam "Tauste"]
[BlackTeam "Helios"]

1. e4 e5 2. Nc3 Nf6 3. g3 Bc5 4. Bg2 d6 5. Nge2 Nc6 6. d3 a6 7. h3 Be6 8. O-O
Qd7 9. Kh2 d5 10. Bg5 dxe4 11. dxe4 O-O-O 12. Qxd7+ Rxd7 13. f4 h5 14. Bxf6
gxf6 15. Nd5 f5 16. fxe5 Nxe5 17. Nec3 Ng4+ 18. Kh1 fxe4 19. Nf4 Nf2+ 20. Kh2
Rd2 21. Nxe6 fxe6 22. Rae1 h4 23. g4 Rxc2 24. Rc1 Rxc1 25. Rxc1 e3 26. Ne2 Bd6+
27. Kg1 Be5 28. Nc3 Rd8 29. Re1 Nd3 30. Rd1 Bxc3 31. Bf3 Bd2 32. Kf1 Rf8 33.
Ke2 Nc1+ 0-1

[Event "Cto Aragón Equipos Div Honor Gr II"]
[Site "Aragon"]
[Date "2014.03.08"]
[Round "7.23"]
[White "Navarro Alonso, Jorge"]
[Black "Sancho Casale, Jesus"]
[Result "0-1"]
[WhiteElo "2153"]
[BlackElo "1968"]
[PlyCount "68"]
[EventDate "2014.??.??"]
[EventCountry "ESP"]
[WhiteTeam "Helios"]
[BlackTeam "Tauste"]

1. e4 e5 2. Nf3 Nc6 3. Bb5 a6 4. Ba4 Nf6 5. Qe2 Be7 6. c3 b5 7. Bc2 O-O 8. O-O
d5 9. d3 dxe4 10. dxe4 Bb7 11. Rd1 Bd6 12. Bg5 Qe7 13. Nbd2 Bc5 14. Nf1 h6 15.
Bh4 g5 16. Ng3 Bc8 17. Nxg5 hxg5 18. Bxg5 Bg4 19. Bxf6 Qe6 20. Bb3 Bxe2 21.
Bxe6 fxe6 22. Rd2 Rxf6 23. Rxe2 Raf8 24. Nh1 Ne7 25. Rd1 Nc8 26. Rd3 Nd6 27.
Rg3+ Kf7 28. Kf1 Ke7 29. f3 Bb6 30. b3 Rf4 31. Ke1 c5 32. Nf2 c4 33. Rg7+ R8f7
34. Rg5 Bxf2+ 0-1

[Event "Cto Aragón Equipos Div Honor Gr II"]
[Site "Aragon"]
[Date "2014.03.08"]
[Round "7.24"]
[White "Bogomilov Georgiev, Georgi Ii"]
[Black "Cerrajeria Ruiz, Jesus Maria"]
[Result "0-1"]
[WhiteElo "1931"]
[BlackElo "2140"]
[PlyCount "70"]
[EventDate "2014.??.??"]
[EventCountry "ESP"]
[WhiteTeam "Tauste"]
[BlackTeam "Helios"]

1. e4 c5 2. c4 g6 3. Nf3 Bg7 4. d4 cxd4 5. Nxd4 Nc6 6. Nxc6 bxc6 7. Qc2 Nf6 8.
Be2 O-O 9. O-O d5 10. cxd5 cxd5 11. exd5 Bf5 12. Qa4 Nxd5 13. Bf3 Rc8 14. Na3
Rc5 15. Qxa7 Ra5 16. Qb7 e6 17. Qb3 Qa8 18. Nc4 Rb8 19. Qd1 Rc5 20. Ne3 Qa6 21.
Nxf5 gxf5 22. a3 Bxb2 23. Bxb2 Rxb2 24. Qd4 Qb6 25. a4 Rb4 26. Qd2 Nf4 27. g3
Ng6 28. Qg5 Kg7 29. Qd2 e5 30. Ra2 e4 31. Be2 f4 32. gxf4 Rf5 33. Bb5 Nxf4 34.
Qxb4 Qg6+ 35. Kh1 Qg2# 0-1

[Event "Cto Aragón Equipos Div Honor Gr II"]
[Site "Aragon"]
[Date "2014.03.08"]
[Round "7.25"]
[White "Adla, Diego"]
[Black "Salamero Pelay, Fernando"]
[Result "1-0"]
[WhiteElo "2471"]
[BlackElo "2149"]
[PlyCount "95"]
[EventDate "2014.??.??"]
[EventCountry "ESP"]
[WhiteTeam "St. Casablanca"]
[BlackTeam "Club atletismo Huesca"]

1. c4 e5 2. g3 Nc6 3. Bg2 g6 4. Nc3 Bg7 5. e3 d6 6. Nge2 Bg4 7. h3 Be6 8. Nd5
Nce7 9. d4 c6 10. Nxe7 Nxe7 11. d5 Bd7 12. dxc6 Bxc6 13. e4 f5 14. O-O Bxe4 15.
Bxe4 fxe4 16. Bg5 O-O 17. Bxe7 Qxe7 18. Qd5+ Qf7 19. Qxe4 Rac8 20. b3 Qf3 21.
Qxf3 Rxf3 22. Kg2 e4 23. Rac1 Rcf8 24. Rcd1 Be5 25. Ng1 Rc3 26. Rfe1 Rc2 27.
Re2 Rxe2 28. Nxe2 Rf3 29. Ng1 Rc3 30. Rd2 e3 31. fxe3 Rxe3 32. Ne2 Bg7 33. Kf2
Re6 34. Rd3 Be5 35. Rf3 Kg7 36. g4 Rf6 37. Ke3 Rxf3+ 38. Kxf3 Kf6 39. h4 h5 40.
gxh5 gxh5 41. Nf4 Bxf4 42. Kxf4 a5 43. a3 b6 44. b4 axb4 45. axb4 Ke6 46. Kg5
Ke5 47. Kxh5 Kf5 48. b5 1-0

[Event "Cto Aragón Equipos Div Honor Gr II"]
[Site "Aragon"]
[Date "2014.03.08"]
[Round "7.26"]
[White "Luis Vitalla, Fernando"]
[Black "Glavina, Pablo"]
[Result "1/2-1/2"]
[WhiteElo "2135"]
[BlackElo "2444"]
[PlyCount "48"]
[EventDate "2014.??.??"]
[EventCountry "ESP"]
[WhiteTeam "Club atletismo Huesca"]
[BlackTeam "St. Casablanca"]

1. d4 d5 2. Nf3 Nf6 3. c4 c6 4. Nc3 dxc4 5. a4 e6 6. e3 c5 7. Bxc4 Nc6 8. O-O
cxd4 9. exd4 Be7 10. Bg5 O-O 11. Qd2 Nb4 12. Rad1 Bd7 13. Ne5 Bc6 14. Nxc6 bxc6
15. Rfe1 Rb8 16. Bxf6 Bxf6 17. Ne4 Nd5 18. Nxf6+ Qxf6 19. Bxd5 cxd5 20. b4 Rfc8
21. Rc1 Rc4 22. Rxc4 dxc4 23. Qc3 Rc8 24. Re5 g6 1/2-1/2

[Event "Cto Aragón Equipos Div Honor Gr II"]
[Site "Aragon"]
[Date "2014.03.08"]
[Round "7.27"]
[White "Lopez Gracia, Fernando"]
[Black "Gella Lopez, Angel"]
[Result "1-0"]
[WhiteElo "2354"]
[BlackElo "2084"]
[PlyCount "71"]
[EventDate "2014.??.??"]
[EventCountry "ESP"]
[WhiteTeam "St. Casablanca"]
[BlackTeam "Club atletismo Huesca"]

1. c4 c5 2. g3 Nf6 3. Bg2 d5 4. cxd5 Nxd5 5. Nc3 Nc7 6. Nf3 Nc6 7. O-O e5 8.
Ne1 Be7 9. Nd3 f6 10. Bxc6+ bxc6 11. Qa4 O-O 12. Qxc6 Bh3 13. Rd1 Ne6 14. b3
Nd4 15. Qa6 Rc8 16. Ne1 Qd7 17. Bb2 f5 18. e3 Rc6 19. Qc4+ Ne6 20. Nd5 Bf6 21.
Nxf6+ Rxf6 22. Bxe5 Rf7 23. Rac1 g5 24. d4 Rc8 25. dxc5 Qe8 26. b4 f4 27. exf4
gxf4 28. Bb2 fxg3 29. hxg3 h5 30. Rd6 Qe7 31. Qc3 Rh7 32. Rcd1 Qg5 33. Nf3 Qf5
34. Rxe6 Qxe6 35. Ng5 Qg4 36. Qb3+ 1-0

[Event "Cto Aragón Equipos Div Honor Gr II"]
[Site "Aragon"]
[Date "2014.03.08"]
[Round "7.28"]
[White "Laplaza Ara, Carlos"]
[Black "Quintin Navarro, Alberto"]
[Result "0-1"]
[WhiteElo "1988"]
[BlackElo "2320"]
[PlyCount "60"]
[EventDate "2014.??.??"]
[EventCountry "ESP"]
[WhiteTeam "Club atletismo Huesca"]
[BlackTeam "St. Casablanca"]

1. d4 Nf6 2. c4 g6 3. Nc3 Bg7 4. Nf3 d6 5. e4 Bg4 6. Be2 O-O 7. O-O Nfd7 8. Be3
c5 9. Qd2 Nc6 10. dxc5 dxc5 11. Rfd1 Bxf3 12. Qxd7 Bxe2 13. Nxe2 Qxd7 14. Rxd7
b6 15. Nc3 Bxc3 16. bxc3 Rfd8 17. Rad1 Rxd7 18. Rxd7 Rd8 19. Rxd8+ Nxd8 20. Bf4
Nc6 21. Bc7 Na5 22. Bb8 a6 23. Kf1 Nxc4 24. Ke2 Kf8 25. Ba7 Ke8 26. f3 Kd7 27.
Bb8 Nd6 28. e5 Nb7 29. e6+ Kxe6 30. Bf4 Kd5 0-1

[Event "Cto Aragón Equipos Div Honor Gr II"]
[Site "Aragon"]
[Date "2014.03.08"]
[Round "7.29"]
[White "Llanes Luno, Ricardo"]
[Black "Carruez Berges, Santiago"]
[Result "1/2-1/2"]
[WhiteElo "2193"]
[BlackElo "2144"]
[PlyCount "83"]
[EventDate "2014.??.??"]
[EventCountry "ESP"]
[WhiteTeam "Delicias"]
[BlackTeam "Agrupacion"]

1. e4 e6 2. d4 d5 3. Nd2 Nf6 4. e5 Nfd7 5. Ngf3 c5 6. c3 Nc6 7. Bd3 Qb6 8. Qa4
cxd4 9. cxd4 f6 10. exf6 Nxf6 11. O-O Bd6 12. Re1 O-O 13. Nf1 Bd7 14. Qd1 Rae8
15. Bg5 Ng4 16. Be3 g6 17. a3 Nxe3 18. fxe3 Qxb2 19. Rb1 Qxa3 20. Rxb7 Bc8 21.
Rb1 Ba6 22. Rb3 Qa5 23. Qc2 Nb4 24. Rxb4 Bxd3 25. Ra4 Bxc2 26. Rxa5 Bb4 27.
Rxa7 Rxf3 28. Rc1 Rxf1+ 29. Rxf1 g5 30. h3 Be4 31. Rff7 Bd2 32. Kf2 Bd3 33.
Rg7+ Kh8 34. Rge7 Rf8+ 35. Rf7 Rg8 36. Rfe7 h5 37. g4 h4 38. Rf7 Bb4 39. Rf6
Rc8 40. Rxe6 Rf8+ 41. Kg1 Be1 42. Ree7 1/2-1/2